000 00237nam a22001217a 4500
040 _cHS
082 _a615
100 _aNA
245 _aPractical veterinary therapeutics
260 _aCambodia
_bNA
_c1994
300 _a48p;
942 _cEK
999 _c9258
_d9258